| 000 | 00393nam a2200169Ia 4500 | ||
|---|---|---|---|
| 003 | 0STCL | ||
| 008 | 150530s9999 xx 000 0 und d | ||
| 040 |
_aSTCL _cSTCL |
||
| 100 | _aBhagavathi Charan Verma | ||
| 245 | _aVahe Phir Naih Aayee | ||
| 260 |
_bRajkamal Prakashan; Delhi _c1960 |
||
| 300 | _a0 | ||
| 546 | _aHindi | ||
| 942 |
_2ddc _cBK |
||
| 999 |
_c64090 _d64090 |
||
| 005 | 20220125171237.0 | ||